|
|
|
|
| LEADER |
00000nas a2200000 a 4500 |
| 001 |
ssj0008633 |
| 003 |
WaSeSS |
| 005 |
20200512172242.0 |
| 006 |
m d |
| 007 |
cr n |
| 008 |
830620d19811988enkwr pss 0 0eng c |
| 010 |
|
|
|a 2008247764
|
| 022 |
|
|
|y 0267-0623
|
| 032 |
|
|
|a 001944
|b USPS
|
| 035 |
|
|
|a (WaSeSS)ssj0008633
|
| 040 |
|
|
|a CUD
|b eng
|c CUD
|d OCLCS
|d PFM
|d OCLCQ
|d EYM
|d OCLCQ
|d OCLCF
|d OCLCQ
|d OCLCO
|d OCLCQ
|d UAB
|d OCLCO
|d OCLCA
|d BUF
|d VT2
|d WaSeSS
|
| 042 |
|
|
|a pcc
|
| 050 |
1 |
4 |
|a R31
|
| 060 |
0 |
0 |
|a W1 BR69B
|
| 070 |
0 |
|
|a 448.8
|b B77
|
| 072 |
|
0 |
|a X380
|
| 130 |
0 |
|
|a British medical journal (Clinical research edition : Online)
|
| 245 |
1 |
0 |
|a British medical journal
|h [electronic resource].
|
| 250 |
|
|
|a [Clinical research ed.].
|
| 260 |
|
|
|a London :
|b British Medical Association,
|c 1981-1988.
|
| 310 |
|
|
|a Weekly
|
| 362 |
0 |
|
|a Vol. 282, no. 6257 (Jan. 3, 1981)-v. 296, no. 6639 (25 June 1988).
|
| 500 |
|
|
|a Title from PDF article (PubMed Central Web site, viewed Mar. 18, 2008).
|
| 506 |
|
|
|a License restrictions may limit access.
|
| 538 |
|
|
|a Mode of access: World Wide Web.
|
| 650 |
|
0 |
|a Medicine
|v Periodicals.
|
| 650 |
|
7 |
|a Medicine.
|2 fast
|0 (OCoLC)fst01014893
|
| 650 |
|
6 |
|a Médecine
|x Périodiques.
|
| 650 |
|
2 |
|a Medicine
|v Periodicals.
|
| 655 |
|
0 |
|a Electronic journals.
|
| 710 |
2 |
|
|a British Medical Association.
|
| 776 |
0 |
8 |
|i Print version:
|t British medical journal
|x 0267-0623
|w (DLC)sc 83009463
|w (OCoLC)9624603
|
| 780 |
0 |
1 |
|t British medical journal (Online)
|w (DLC) 2008247763
|w (OCoLC)123911105
|
| 785 |
0 |
0 |
|t BMJ (Online)
|w (DLC) 2004255358
|w (OCoLC)32595642
|
| 856 |
4 |
0 |
|z Full text available from Research Library: 01/03/1981 to 06/04/1988
|u https://search.proquest.com/publication/2041887
|